LEADER 01067nam a2200217 4500 001 000000345028 003 CaOOAMICUS 005 20210406103357.0 008 210322s1979 it a 000 u ita r 040 $aSeMil$bita 100 0 $aAlessandro : da Ripabottoni,$c.$0(OLS)http://semarc/name/656 245 10$aDietro le sue orme :$bguida storico-spirituale ai luoghi di Padre Pio /$cAlessandro da Ripabottoni. 264 1$aSan Giovanni Rotondo :$bVoce di Padre Pio,$c1979. 300 $a285 p., [1] p. di ritr. :$bill. ;$c21 cm 650 4$aPio : da Pietrelcina - Guide - Luoghi.$0(OLS)http://semarc/subject/50211 850 $aSeMil 852 $aSeMil$W1$xVenegono$y1$m3H II 568$j225510$B236089$CSeMilBibl$Z2$F236089 $81 961 $aSistema Bibliotecario Valle dei Mulini - Omaggio 996 $6245$aDietro le sue orme :$bguida storico-spirituale ai luoghi di Padre Pio$9(OLS)http://semarc/title/434123 996 $6264$aSan Giovanni Rotondo :$bVoce di Padre Pio$9(OLS)http://semarc/publisher/59642 LEADER 01001nam a2200265 i 4500 001 000000223418 003 CaOOAMICUS 005 20131011000000.0 008 131011s1993 it u000 u ita u 013 $a202315 020 $a88-85985-65-3 040 $aSeMil$bita 245 12$aL'impegno sociale e politico. 260 $aMilano :$bIn Dialogo,$c1993. 300 $a48 p. ;$c21 cm. 490 0 $aQuaderni di Parresia. Diciottenni ;$v1 500 $aContiene : Bibliografia. 650 4$aPastorale dei giovani.$0(OLS)http://semarc/subject/56224 830 0$aQuaderni di Parresia. Diciottenni ;$v1.$0(OLS)http://semarc/title/39179 850 $aSeMil 852 $aSeMil$W1$xVenegono$y1$m5D VII 24/12$j173764$B173764$CSeMilBibl$Z2$F184055 $81 961 $aRecupero: Altro 996 $6020$a88-85985-65-3$9(OLS)http://semarc/number/223383 996 $6245$aL'impegno sociale e politico$9(OLS)http://semarc/title/188015 996 $6260$aMilano :$bIn Dialogo$9(OLS)http://semarc/publisher/31663